000 00507nam a22001937a 4500
005 20260515115025.0
008 240813b |||||||| |||| 00| 0 eng d
040 _aIN-DiNC
_cIN-DiNC
041 _dasm
082 _a398.054162
_bBEZ
100 _aBezborah, Nirajana Mahanta
_eauthor
245 _aLoktattva jijnasa/
_cby Nirajana Mahanta Bezborah
250 _a1st ed.
260 _aDibrugarh:
_bBanalata,
_c2004.
300 _a172p.
650 _aFolkoristics
650 _aFolklore
942 _2ddc
_cBK
999 _c11847
_d11847